|
|
|
|
| LEADER |
00788nam a2200205 a 4500 |
| 008 |
100613r19971995ii a b 001 0 eng d |
| 020 |
|
|
|a 8120309790
|
| 040 |
|
|
|a DB-DhAAL
|c DB-DhAAL
|
| 082 |
0 |
0 |
|a 515/.353
|2 20
|
| 100 |
1 |
|
|a Rao, K. Sankara
|
| 245 |
0 |
0 |
|a Introduction to partial differential equations /
|c K. Sankara Rao
|
| 250 |
|
|
|a 6th ed.
|
| 250 |
|
|
|a 2nd ed.
|
| 260 |
|
|
|a New Delhi :
|b Prentice-Hall of India,
|c c1995.[reprinted 1997]
|
| 300 |
|
|
|a X, 357 p. :
|b ill. ;
|c 24 cm
|
| 541 |
1 |
|
|e 00012622
|
| 650 |
|
0 |
|a Differential equations, partial
|
| 852 |
4 |
|
|a Ayesha Abed Library
|j General Shelf.
|
| 999 |
|
|
|c 8921
|d 8921
|
| 952 |
|
|
|0 0
|1 0
|2 ddc
|4 1
|6 515_353000000000000_RAO
|7 0
|9 10915
|a BRACUL
|b BRACUL
|c SPS
|d 2010-06-13
|g 110.00
|l 2
|m 5
|o 515.353 RAO
|p 3010012622
|r 2016-08-03
|s 2016-04-07
|t 1
|w 2010-06-13
|y BK
|